A STUDY TO EVALUATE THE EFFECTIVENESS OF SIMULATON BASED TRAINING VERSUS TRADITIONAL METHOD OF TEACHING ON THE RETENTION OF BIRTHING CARE KNOWLEDGE AND SKILLS AMONG STUDENTS IN SELECTED NURSING INSTITUTIONS OF GURUGRAM NCR (Record no. 21442)
[ view plain ]
| 000 -LEADER | |
|---|---|
| fixed length control field | 00483nam a22001337a 4500 |
| 003 - CONTROL NUMBER IDENTIFIER | |
| control field | SGT |
| 082 ## - DEWEY DECIMAL CLASSIFICATION NUMBER | |
| Classification number | 610.7367 |
| Item number | S18J |
| 100 ## - MAIN ENTRY--PERSONAL NAME | |
| Personal name | JYOTI |
| 245 ## - TITLE STATEMENT | |
| Title | A STUDY TO EVALUATE THE EFFECTIVENESS OF SIMULATON BASED TRAINING VERSUS TRADITIONAL METHOD OF TEACHING ON THE RETENTION OF BIRTHING CARE KNOWLEDGE AND SKILLS AMONG STUDENTS IN SELECTED NURSING INSTITUTIONS OF GURUGRAM NCR |
| 260 ## - PUBLICATION, DISTRIBUTION, ETC. (IMPRINT) | |
| Place of publication, distribution, etc | SGT UNIVERSITY |
| Name of publisher, distributor, etc | SGT UNIVERSITY |
| 300 ## - PAGE DESCRIPTION | |
| No. of Pages | 85 |
| 650 ## - SUBJECT ADDED ENTRY--TOPICAL TERM | |
| Topical term or geographic name as entry element | OBST & GYNE |
| 942 ## - ADDED ENTRY ELEMENTS (KOHA) | |
| Source of classification or shelving scheme | Dewey Decimal Classification |
| Koha item type | Thesis/Dissertation |
| Withdrawn status | Lost status | Source of classification or shelving scheme | Damaged status | Not for loan | Collection code | Home library | Current library | Shelving location | Date acquired | Total Checkouts | Full call number | Accession No. (Barcode) | Date last seen | Bill Date | Koha item type |
|---|---|---|---|---|---|---|---|---|---|---|---|---|---|---|---|
| Dewey Decimal Classification | Not For Loan | NURSING | SGT Medical Library | SGT Medical Library | Reference Book | 28/06/2021 | 610.7367 S18J | DT1278 | 28/06/2021 | 28/06/2021 | Thesis/Dissertation |